Chronical a 20th century history

Bibliographic Details
Other Authors: Bowman, John S. (general editor John S.Bowman)
Format: Book
Published: London : Bison Books , 1989
Subjects:

MARC

LEADER 00000cam a2200000 7i4500
001 0000002163
002 000002360
005 20090429.0
020 |a 0861245741 
090 0 0 |a 909   |b CHR 
245 0 0 |a Chronical a 20th century history   |c general editor by John S.Bowman 
260 |a London :   |b Bison Books ,   |c 1989 
300 |a 272p. :   |b ill. ;   |c 34cm. 
650 0 0 |a History, Modern   |y 20th century 
700 0 |a Bowman, John S. ,   |e general editor John S.Bowman 
999 |a 033711   |b BUKU   |c RUJUKAN   |e PERPUSTAKAAN KOMUNITI PETALING JAYA